Physics: (Record no. 8699)

MARC details
000 -LEADER
fixed length control field 00497nam a22001817a 4500
003 - CONTROL NUMBER IDENTIFIER
control field OSt
005 - DATE AND TIME OF LATEST TRANSACTION
control field 20240621130103.0
008 - FIXED-LENGTH DATA ELEMENTS--GENERAL INFORMATION
fixed length control field 240621b |||||||| |||| 00| 0 eng d
020 ## - INTERNATIONAL STANDARD BOOK NUMBER
International Standard Book Number 0205084753
040 ## - CATALOGING SOURCE
Original cataloging agency MUST
Transcribing agency MUST
082 ## - DEWEY DECIMAL CLASSIFICATION NUMBER
Classification number 530 TAF 1986
Item number 19
100 ## - MAIN ENTRY--PERSONAL NAME
Personal name Taffel Alexander
9 (RLIN) 17590
245 ## - TITLE STATEMENT
Title Physics:
Remainder of title Its Methods and Meanings/
Statement of responsibility, etc. Alexander Taffel.
300 ## - PHYSICAL DESCRIPTION
Extent 694p.:
Other physical details ill,;
Dimensions 23.8cm.
504 ## - BIBLIOGRAPHY, ETC. NOTE
Bibliography, etc Includes Bibliographical Indexes.
650 ## - SUBJECT ADDED ENTRY--TOPICAL TERM
Topical term or geographic name as entry element Physics
9 (RLIN) 809
942 ## - ADDED ENTRY ELEMENTS (KOHA)
Source of classification or shelving scheme Dewey Decimal Classification
Koha item type Open Shelf
Holdings
Withdrawn status Lost status Source of classification or shelving scheme Damaged status Not for loan Home library Current library Source of acquisition Inventory number Total Checkouts Full call number Barcode Date last seen Koha item type
    Dewey Decimal Classification     MUST Main Library MUST Main Library Purchase 99/13161   530 TAF 1986 19 2024-21007 21/06/2024 Open Shelf